| 000 | 01006nam a2200277 a 4500 | ||
|---|---|---|---|
| 001 | BRCA_2219 | ||
| 005 | 20190320203723.0 | ||
| 008 | 940113s1992 gw-a---##c---l001-0#ger-# | ||
| 020 | _a3893223886 | ||
| 040 |
_aDLC _cDLC |
||
| 041 | _ager | ||
| 044 | _agw | ||
| 050 | 4 |
_aNB1277 _b.K54 1992 |
|
| 245 | 1 | 0 | _aKleinplastik in Mexiko, Spanien, Italien, Deutschland. |
| 260 |
_a[Alemania] _bCantz _c1992 |
||
| 300 |
_a317 p. _bil. (algunas a color) _c28 cm. _e1 folleto |
||
| 500 | _aCatálogo de la exposición realizada en el Wilhelm Lehmbruck Museum (Duisburg, Alemania), 30 agosto - 18 noviembre, 1992 | ||
| 500 | _aIncluye piezas de la colección Franz Mayer: p. 63 | ||
| 611 | 2 | 4 |
_aTriennale Fellbach _n5th _d1992 _96673 |
| 650 | 1 | 4 |
_aEscultura _vExposiciones _ySiglo XX _96674 |
| 650 | 1 | 4 |
_aEscultores mexicanos _ySiglo XX _96675 |
| 650 | 1 | 4 |
_aEscultores españoles _ySiglo XX _96676 |
| 650 | 1 | 4 |
_aEscultores italianos _ySiglo XX _96677 |
| 650 | 1 | 4 |
_aEscultores alemanes _ySiglo XX _96678 |
| 942 |
_2lcc _cB |
||
| 999 |
_c1972 _d1972 |
||